Stati per riserve di Petrolio - Statistics

Statistiche generali
  • Questo quiz è stato fatto 16 volte
  • Il punteggio medio è 9 su 10
Statistiche sulle risposte
Riserve (Milioni di barili) Continente Nazione % Corretto
170 000 America del Nord Canada
100%
209 000 Asia Iran
100%
80 000 Asia / Europa Russia
100%
44 000 America del Nord Stati Uniti
100%
304 000 America del Sud Venezuela
100%
259 000 Asia Arabia Saudita
92%
98 000 Asia Emirati Arabi Uniti
92%
145 000 Asia Iraq
92%
102 000 Asia Kuwait
85%
48 000 Africa Libia
85%
Nessun quiz corrispondente trovato
Distribuzione punteggi
Percentuale di utenti per punteggio
Percentile per numero di risposta
I tuoi punteggi nel tempo
Non hai fatto questo quiz